<?xml version="1.0" encoding="UTF-8"?>
<record
    xmlns:xsi="http://www.w3.org/2001/XMLSchema-instance"
    xsi:schemaLocation="http://www.loc.gov/MARC21/slim http://www.loc.gov/standards/marcxml/schema/MARC21slim.xsd"
    xmlns="http://www.loc.gov/MARC21/slim">

  <leader>00742nam a2200157Ia 4500</leader>
  <controlfield tag="008">100122s9999    xx            000 0 und d</controlfield>
  <datafield tag="082" ind1=" " ind2=" ">
    <subfield code="b">71528</subfield>
    <subfield code="a">910.4</subfield>
  </datafield>
  <datafield tag="100" ind1=" " ind2=" ">
    <subfield code="a">&#x918;&#x93E;&#x923;&#x947;&#x915;&#x930; &#x92A;&#x94D;&#x930; &#x915;&#x947;</subfield>
  </datafield>
  <datafield tag="245" ind1=" " ind2=" ">
    <subfield code="a">"&#x938;&#x939;&#x932;&#x940; &#x90F;&#x915; &#x926;&#x93F;&#x935;&#x938;&#x93E;&#x91A;&#x94D;&#x92F;&#x93E;, &#x92A;&#x930;&#x93F;&#x938;&#x930;&#x93E;&#x924; &#x92A;&#x941;&#x923;&#x94D;&#x92F;&#x93E;&#x91A;&#x94D;&#x92F;&#x93E; ( &#x915; &#x915;&#x94D;&#x930;- 14/4)"</subfield>
  </datafield>
  <datafield tag="250" ind1=" " ind2=" ">
    <subfield code="a">4</subfield>
  </datafield>
  <datafield tag="260" ind1=" " ind2=" ">
    <subfield code="b">&#x938;&#x94D;&#x928;&#x947;&#x939;&#x932; &#x92A;&#x94D;&#x930;&#x915;&#x93E;&#x936;&#x928;</subfield>
    <subfield code="c">2004</subfield>
  </datafield>
  <datafield tag="300" ind1=" " ind2=" ">
    <subfield code="a">304</subfield>
  </datafield>
  <datafield tag="630" ind1=" " ind2=" ">
    <subfield code="a">"&#x938;&#x939;&#x932;&#x940; &#x90F;&#x915; &#x926;&#x93F;&#x935;&#x938;&#x93E;&#x91A;&#x94D;&#x92F;&#x93E;, &#x92A;&#x930;&#x93F;&#x938;&#x930;&#x93E;&#x924; &#x92A;&#x941;&#x923;&#x94D;&#x92F;&#x93E;&#x91A;&#x94D;&#x92F;&#x93E; ( &#x915; &#x915;&#x94D;&#x930;- 14/4)"</subfield>
  </datafield>
  <datafield tag="730" ind1=" " ind2=" ">
    <subfield code="a">"&#x938;&#x939;&#x932;&#x940; &#x90F;&#x915; &#x926;&#x93F;&#x935;&#x938;&#x93E;&#x91A;&#x94D;&#x92F;&#x93E;, &#x92A;&#x930;&#x93F;&#x938;&#x930;&#x93E;&#x924; &#x92A;&#x941;&#x923;&#x94D;&#x92F;&#x93E;&#x91A;&#x94D;&#x92F;&#x93E; ( &#x915; &#x915;&#x94D;&#x930;- 14/4)"</subfield>
  </datafield>
  <datafield tag="942" ind1=" " ind2=" ">
    <subfield code="c">BOOK</subfield>
  </datafield>
  <datafield tag="999" ind1=" " ind2=" ">
    <subfield code="c">442061</subfield>
    <subfield code="d">442058</subfield>
  </datafield>
  <datafield tag="952" ind1=" " ind2=" ">
    <subfield code="0">0</subfield>
    <subfield code="1">0</subfield>
    <subfield code="4">0</subfield>
    <subfield code="7">0</subfield>
    <subfield code="a">SVPPARLE</subfield>
    <subfield code="b">SVPPARLE</subfield>
    <subfield code="d">2007-03-27</subfield>
    <subfield code="g">250.00</subfield>
    <subfield code="l">0</subfield>
    <subfield code="o">71528</subfield>
    <subfield code="p">SVPPARLE-71528</subfield>
    <subfield code="r">2010-01-25 00:00:00</subfield>
    <subfield code="v">250.00</subfield>
    <subfield code="w">2010-01-25</subfield>
    <subfield code="y">BOOK</subfield>
    <subfield code="z">General NA</subfield>
  </datafield>
</record>
